| 000 | 01215pam a2200313 a 4500 | ||
|---|---|---|---|
| 001 | 3415309 | ||
| 003 | OSt | ||
| 005 | 20220510140559.0 | ||
| 008 | 901120s1991 nyua b 001 0 eng | ||
| 010 | _a 90025286 | ||
| 020 | _a0387975020 (New York : alk. paper) | ||
| 020 | _a3540975020 (Berlin : alk. paper) | ||
| 040 |
_aDLC _cHU _dDLC |
||
| 050 | 0 | 0 |
_aT57.62 _b.C26 1991 |
| 082 | 0 | 0 |
_a620/.001/13 _220 |
| 100 | 1 |
_aCellier, François E. _936824 |
|
| 245 | 1 | 0 |
_aContinuous system modeling / _cFrançois E. Cellier. |
| 260 |
_aNew York : _bSpringer-Verlag, _cc1991. |
||
| 300 |
_axxviii, 755 p. : _bill. ; _c25 cm. |
||
| 504 | _aIncludes bibliographical references and index. | ||
| 650 | 0 |
_aSimulation methods. _97525 |
|
| 650 | 0 |
_aComputer simulation. _936825 |
|
| 650 | 0 |
_aMathematical models. _936826 |
|
| 856 | 4 | 2 |
_3Publisher description _uhttp://www.loc.gov/catdir/enhancements/fy0815/90025286-d.html |
| 856 | 4 | 1 |
_3Table of contents only _uhttp://www.loc.gov/catdir/enhancements/fy0815/90025286-t.html |
| 906 |
_a7 _bcbc _corignew _d1 _eocip _f19 _gy-gencatlg |
||
| 942 |
_2ddc _cBOOKS _n0 |
||
| 999 |
_c35405 _d35405 |
||